[Event "XXX Festival Conca della Presolana A"]
[Site "Bratto - Castione della Presolana ITA"]
[Date "2010.08.??"]
[Round "6"]
[White "Rombaldoni, Axel"]
[Black "Olszewski, Michal"]
[WhiteElo "2448"]
[BlackElo "2543"]
[Result "1-0"]
[PlyCount "69"]
[EventDate "2010.08.20"]

1. e4 c5 2. Nf3 e6 3. d4 cxd4 4. Nxd4 a6 5. Bd3 Bc5 6. Nb3 Be7 7. Be3 d6 8.
N1d2 Nf6 9. Qe2 Qc7 10. O-O-O Nc6 11. Kb1 b5 12. f4 h5 13. Rc1 Qd7 14. Ka1 e5
15. c4 Nb4 16. Bb1 Ng4 17. Bg1 exf4 18. e5 Nxe5 19. c5 f6 20. cxd6 Qxd6 21. Qe4
Qd5 22. a3 f5 23. Qe2 Nbc6 24. Bf2 O-O 25. Nc5 Qd6 26. Ba2+ Kh7 27. Qxh5+ Qh6
28. Qe2 Rd8 29. Rc3 f3 30. Nxf3 Ng4 31. h4 b4 32. Rcc1 Qf4 33. Ng5+ Kg6 34. Nd3
Rxd3 35. Rxc6+ 1-0

[Event "XXX Festival Conca della Presolana A"]
[Site "Bratto - Castione della Presolana ITA"]
[Date "2010.08.??"]
[Round "6"]
[White "Vocaturo, Daniele"]
[Black "Burmakin, Vladimir"]
[WhiteElo "2526"]
[BlackElo "2605"]
[Result "0-1"]
[PlyCount "88"]
[EventDate "2010.08.20"]

1. e4 c6 2. d4 d5 3. Nc3 dxe4 4. Nxe4 Bf5 5. Ng3 Bg6 6. h4 h6 7. Nf3 Nd7 8. h5
Bh7 9. Bd3 Bxd3 10. Qxd3 e6 11. Bd2 Qc7 12. O-O-O O-O-O 13. Qe2 Bd6 14. Ne4 Bf4
15. Bxf4 Qxf4+ 16. Qe3 Qxe3+ 17. fxe3 Kc7 18. Nf2 Ne7 19. e4 c5 20. c3 cxd4 21.
cxd4 Nc6 22. g4 Nf6 23. Rd3 Rd7 24. Kd2 Kb8 25. Rc1 Rhd8 26. Ke3 Nh7 27. Nh3
Nf6 28. Nf2 Nh7 29. b4 Ng5 30. Rxc6 Nxf3 31. Rc4 b5 32. Rc1 Nxd4 33. e5 f6 34.
Rdc3 f5 35. Nd3 fxg4 36. Nc5 Nf5+ 37. Ke2 Rd2+ 38. Ke1 Rxa2 39. Nxe6 Re8 40.
Rc6 g3 41. R1c5 a6 42. Nf4 g2 43. Rb6+ Ka8 44. Rg6 Nh4 0-1

[Event "XXX Festival Conca della Presolana A"]
[Site "Bratto - Castione della Presolana ITA"]
[Date "2010.08.??"]
[Round "6"]
[White "Welling, Gerard"]
[Black "Rombaldoni, Denis"]
[WhiteElo "2352"]
[BlackElo "2493"]
[Result "0-1"]
[PlyCount "74"]
[EventDate "2010.08.20"]

1. d4 Nf6 2. Nf3 b5 3. e3 a6 4. a4 b4 5. c4 e6 6. Bd3 Bb7 7. Nbd2 d6 8. O-O c5
9. b3 Be7 10. dxc5 dxc5 11. Qc2 Nbd7 12. Bb2 Qc7 13. Rad1 h5 14. e4 Bd6 15.
Rfe1 Ng4 16. e5 Ndxe5 17. Nxe5 Bxe5 18. Bxe5 Nxe5 19. Be4 O-O-O 20. Bxb7+ Kxb7
21. Qe4+ Nc6 22. Nf3 Rxd1 23. Rxd1 Rd8 24. Rxd8 Qxd8 25. g3 Qf6 26. Kg2 Qf5 27.
Qe3 Kb6 28. h4 f6 29. Kh2 e5 30. Kg2 Nd4 31. Nxd4 cxd4 32. Qf3 Qxf3+ 33. Kxf3
d3 34. Ke3 e4 35. Kd2 Kc5 36. Ke3 a5 37. Kd2 Kd4 0-1

[Event "XXX Festival Conca della Presolana A"]
[Site "Bratto - Castione della Presolana ITA"]
[Date "2010.08.??"]
[Round "7"]
[White "Baklan, Vladimir"]
[Black "Qendro, Llambi"]
[WhiteElo "2638"]
[BlackElo "2356"]
[Result "1-0"]
[PlyCount "40"]
[EventDate "2010.08.20"]

1. e4 g6 2. d4 Bg7 3. Nc3 c6 4. h3 d6 5. Be3 Qb6 6. Rb1 Nf6 7. g4 d5 8. e5 Ne4
9. Nxe4 dxe4 10. c3 c5 11. Ne2 O-O 12. Bg2 cxd4 13. cxd4 Rd8 14. Qc2 Qa6 15.
O-O Nc6 16. b4 Qd3 17. Qb2 Be6 18. Rfc1 a5 19. b5 Nb4 20. Nf4 Nc6 1-0

[Event "XXX Festival Conca della Presolana A"]
[Site "Bratto - Castione della Presolana ITA"]
[Date "2010.08.??"]
[Round "7"]
[White "Borgo, Giulio"]
[Black "Godena, Michele"]
[WhiteElo "2419"]
[BlackElo "2548"]
[Result "1/2-1/2"]
[PlyCount "24"]
[EventDate "2010.08.20"]

1. e4 e5 2. Nf3 Nc6 3. d4 exd4 4. Nxd4 Nf6 5. Nxc6 bxc6 6. Nd2 d5 7. exd5 cxd5
8. Bb5+ Bd7 9. Bxd7+ Qxd7 10. O-O Be7 11. b3 O-O 12. Bb2 Rfe8 1/2-1/2

[Event "XXX Festival Conca della Presolana A"]
[Site "Bratto - Castione della Presolana ITA"]
[Date "2010.08.??"]
[Round "7"]
[White "Bruno, Fabio"]
[Black "Bentivegna, Francesco"]
[WhiteElo "2477"]
[BlackElo "2340"]
[Result "1-0"]
[PlyCount "99"]
[EventDate "2010.08.20"]

1. Nf3 d5 2. e3 Nf6 3. c4 c6 4. Nc3 e6 5. b3 Nbd7 6. Qc2 Bd6 7. d4 O-O 8. Be2
dxc4 9. bxc4 e5 10. O-O Qe7 11. h3 Re8 12. a4 e4 13. Nd2 c5 14. Ba3 cxd4 15.
Bxd6 Qxd6 16. Nb5 Qb8 17. exd4 a6 18. Nc3 Qf4 19. Nb3 Nf8 20. Qd2 Qh4 21. Qe3
Ne6 22. Rfe1 Ng5 23. Bf1 Bxh3 24. Qg3 Qxg3 25. fxg3 Bf5 26. a5 Rad8 27. Nd1 Bc8
28. Be2 Bg4 29. Ne3 Bxe2 30. Rxe2 g6 31. Ra4 Re7 32. Rb4 Rc7 33. Rb6 Kg7 34.
Rb2 Nd7 35. Rb4 Nb8 36. d5 Nd7 37. d6 Rc6 38. Nd4 Rc5 39. Rxb7 Rxa5 40. Nc6
Ra1+ 41. Kf2 Rc8 42. Rc7 Nc5 43. Rxc8 Nd3+ 44. Ke2 Nxb2 45. Nd4 f5 46. d7 Nf7
47. Ne6+ Kh6 48. Rf8 Ra2 49. Rxf7 Nxc4+ 50. Ke1 1-0

[Event "XXX Festival Conca della Presolana A"]
[Site "Bratto - Castione della Presolana ITA"]
[Date "2010.08.??"]
[Round "7"]
[White "Burmakin, Vladimir"]
[Black "Iordachescu, Viorel"]
[WhiteElo "2605"]
[BlackElo "2623"]
[Result "1/2-1/2"]
[PlyCount "39"]
[EventDate "2010.08.20"]

1. Nf3 Nf6 2. c4 c5 3. g3 Nc6 4. Bg2 d6 5. O-O g6 6. d4 cxd4 7. Nxd4 Bd7 8. Nc3
Bg7 9. Nb3 a5 10. Nd4 Nxd4 11. Qxd4 Bc6 12. a4 O-O 13. Qd3 Rc8 14. Rb1 Nd7 15.
b3 Nc5 16. Qe3 Qd7 17. Ba3 Bxg2 18. Kxg2 Rfd8 19. Rfd1 b6 20. Kg1 1/2-1/2

[Event "XXX Festival Conca della Presolana A"]
[Site "Bratto - Castione della Presolana ITA"]
[Date "2010.08.??"]
[Round "7"]
[White "Cebalo, Miso"]
[Black "Efimov, Igor"]
[WhiteElo "2500"]
[BlackElo "2444"]
[Result "1-0"]
[PlyCount "71"]
[EventDate "2010.08.20"]

1. d4 e6 2. c4 Nf6 3. Nc3 Bb4 4. a3 Bxc3+ 5. bxc3 c5 6. f3 Nc6 7. e4 O-O 8. Be3
Qa5 9. dxc5 b6 10. cxb6 axb6 11. Qb3 Rb8 12. Ne2 d5 13. Qb5 Qa8 14. cxd5 exd5
15. Nd4 Na7 16. Qb3 dxe4 17. Be2 Nc6 18. O-O Na5 19. Qc2 Bb7 20. Bg5 Nd7 21.
Bb5 Nc5 22. Be7 exf3 23. Nxf3 Be4 24. Qf2 Rfc8 25. Ne5 Qd5 26. Nxf7 Qe6 27. Bd6
Ra8 28. Rad1 h6 29. Qg3 Nab7 30. Be5 Qg6 31. Nxh6+ Qxh6 32. Bc4+ Kh8 33. Rf4
Bh7 34. Rh4 Ne4 35. Bd3 Qg5 36. Rxh7+ 1-0

[Event "XXX Festival Conca della Presolana A"]
[Site "Bratto - Castione della Presolana ITA"]
[Date "2010.08.??"]
[Round "7"]
[White "Dvirnyy, Danyyil"]
[Black "Braga, Fernando Alberto"]
[WhiteElo "2457"]
[BlackElo "2435"]
[Result "1/2-1/2"]
[PlyCount "127"]
[EventDate "2010.08.20"]

1. e4 c5 2. Nf3 d6 3. d4 Nf6 4. Nc3 cxd4 5. Nxd4 Nc6 6. Bc4 Bd7 7. f3 Nxd4 8.
Qxd4 g6 9. Bg5 Bg7 10. O-O-O O-O 11. Qe3 Qc7 12. Bb3 Be6 13. h4 Bxb3 14. axb3
Rfc8 15. Rd2 Qa5 16. Kb1 Ng4 17. Qe1 Rxc3 18. Rd5 Rxc2 19. Kxc2 Qa2 20. Qb1 Qa6
21. Qa1 Qc6+ 22. Kb1 Nf6 23. Rc1 Qe8 24. Ra5 a6 25. Qa4 Qd8 26. b4 Nd7 27. Qc2
h6 28. Be3 Ne5 29. Qc7 Nc6 30. Qxd8+ Rxd8 31. Ra3 d5 32. Bb6 Rd7 33. Rd1 d4 34.
Rb3 f5 35. b5 axb5 36. Rxb5 fxe4 37. fxe4 e6 38. Kc2 Rf7 39. Bc5 Rc7 40. Bd6
Rd7 41. e5 Bf8 42. Bxf8 Kxf8 43. Rf1+ Ke7 44. Kd3 Na7 45. Rb6 Nc6 46. Rb5 Na7
47. Rc5 Nc6 48. Rf2 h5 49. g3 Rd5 50. Rxd5 exd5 51. Rf1 Ke6 52. Rf6+ Ke7 53.
Rf2 Ke6 54. Re2 Ke7 55. e6 Kd6 56. b3 Ke7 57. Kd2 Kd6 58. Re1 Ke7 59. Kc2 Kd6
60. Kd3 Ke7 61. Kd2 Kd6 62. b4 b5 63. Re2 Ke7 64. Re1 1/2-1/2

[Event "XXX Festival Conca della Presolana A"]
[Site "Bratto - Castione della Presolana ITA"]
[Date "2010.08.26"]
[Round "7"]
[White "Gasperoni, Stefano"]
[Black "Melone, Antonio"]
[WhiteElo "2011"]
[BlackElo "2014"]
[Result "0-1"]
[PlyCount "112"]
[EventDate "2010.08.20"]

1. e4 c6 2. d4 d5 3. Nc3 dxe4 4. Nxe4 Nd7 5. Ng5 Ngf6 6. Bc4 e6 7. Qe2 Nb6 8.
Bd3 h6 9. N5f3 c5 10. c3 Bd7 11. dxc5 Bxc5 12. Ne5 Nbd5 13. Ngf3 Qc7 14. O-O
Bc6 15. Nxc6 bxc6 16. Ne5 Nd7 17. Nxd7 Qxd7 18. a3 Qc7 19. Be4 Bd6 20. h3 g5
21. c4 Nf6 22. Bf3 Ke7 23. c5 Bxc5 24. Qc4 Bd6 25. Qxc6 Qxc6 26. Bxc6 Rac8 27.
Bf3 Rcg8 28. Bd2 h5 29. Bb4 g4 30. hxg4 hxg4 31. Bxd6+ Kxd6 32. Rfd1+ Nd5 33.
Bxd5 exd5 34. Rd4 Rh5 35. Rad1 Rgh8 36. Kf1 Re8 37. Kg1 Reh8 38. Kf1 Re5 39.
Kg1 f5 40. g3 Rc8 41. Kf1 Rc2 42. R1d2 Rxd2 43. Rxd2 Re4 44. f3 Re3 45. fxg4
fxg4 46. Kf2 Rf3+ 47. Kg2 Rb3 48. Kf2 Ke5 49. Re2+ Kd4 50. Rd2+ Ke4 51. Re2+
Kd3 52. Ke1 d4 53. Kf2 Kc4 54. Rd2 Rf3+ 55. Kg2 d3 56. Kh2 Kd4 0-1

[Event "XXX Festival Conca della Presolana A"]
[Site "Bratto - Castione della Presolana ITA"]
[Date "2010.08.??"]
[Round "7"]
[White "L'Ami, Erwin"]
[Black "Chatalbashev, Boris"]
[WhiteElo "2620"]
[BlackElo "2613"]
[Result "1/2-1/2"]
[PlyCount "39"]
[EventDate "2010.08.20"]

1. d4 c5 2. d5 g6 3. e4 Bg7 4. c4 d6 5. Nc3 Nf6 6. Bd3 O-O 7. h3 e6 8. Nf3 exd5
9. exd5 Re8+ 10. Be3 Bh6 11. O-O Bxe3 12. fxe3 Nbd7 13. e4 Rf8 14. Qd2 Ne8 15.
Rf2 Qe7 16. Raf1 Ne5 17. Nxe5 Qxe5 18. Qf4 Bd7 19. a3 Rc8 20. Bc2 1/2-1/2

[Event "XXX Festival Conca della Presolana A"]
[Site "Bratto - Castione della Presolana ITA"]
[Date "2010.08.??"]
[Round "7"]
[White "Landa, Konstantin"]
[Black "Brunello, Sabino"]
[WhiteElo "2598"]
[BlackElo "2488"]
[Result "1-0"]
[PlyCount "37"]
[EventDate "2010.08.20"]

1. c4 Nf6 2. Nc3 e6 3. e4 d5 4. e5 d4 5. exf6 dxc3 6. bxc3 Qxf6 7. d4 c5 8. Nf3
cxd4 9. Bg5 Qf5 10. cxd4 Bb4+ 11. Bd2 Qa5 12. Rb1 Bxd2+ 13. Qxd2 Qxd2+ 14. Kxd2
b6 15. Bd3 Bb7 16. c5 Ke7 17. Rhc1 Rc8 18. Ne5 Nd7 19. c6 1-0

[Event "XXX Festival Conca della Presolana A"]
[Site "Bratto - Castione della Presolana ITA"]
[Date "2010.08.??"]
[Round "8"]
[White "Borgo, Giulio"]
[Black "Dvirnyy, Danyyil"]
[WhiteElo "2419"]
[BlackElo "2457"]
[Result "0-1"]
[PlyCount "94"]
[EventDate "2010.08.20"]

1. Nf3 Nf6 2. g3 g6 3. b3 Bg7 4. Bb2 O-O 5. Bg2 d5 6. c4 dxc4 7. bxc4 c5 8. O-O
Nc6 9. Ne5 Na5 10. Qc1 Ng4 11. Nxg4 Bxg4 12. Bxg7 Kxg7 13. Re1 Qd4 14. Na3 Rad8
15. d3 Bd7 16. Rb1 b6 17. Qb2 Qxb2 18. Rxb2 Bc6 19. f3 g5 20. Kf2 f5 21. f4
Bxg2 22. Kxg2 gxf4 23. gxf4 Kf6 24. Kf2 Rg8 25. Rg1 Rxg1 26. Kxg1 e5 27. Nb5
Rd7 28. Nxa7 Rxa7 29. Rxb6+ Kg7 30. fxe5 Nb7 31. Kf2 Nd8 32. Rd6 Nf7 33. Rd5
Ng5 34. Rxc5 Rxa2 35. Rc7+ Kg6 36. Rc6+ Kh5 37. Rf6 Kg4 38. h4 Nh3+ 39. Ke1 Nf4
40. Kd1 Rxe2 41. d4 Re4 42. Rd6 Ne2 43. d5 f4 44. Rd7 f3 45. Rg7+ Kf4 46. d6
Ke3 47. d7 Rxc4 0-1

[Event "XXX Festival Conca della Presolana A"]
[Site "Bratto - Castione della Presolana ITA"]
[Date "2010.08.??"]
[Round "8"]
[White "Brunello, Sabino"]
[Black "Genocchio, Daniele"]
[WhiteElo "2488"]
[BlackElo "2450"]
[Result "1-0"]
[PlyCount "71"]
[EventDate "2010.08.20"]

1. d4 Nf6 2. Nf3 g6 3. g3 Bg7 4. Bg2 O-O 5. c4 d6 6. Nc3 Nbd7 7. O-O e5 8. h3
a6 9. e4 b5 10. dxe5 dxe5 11. Be3 c6 12. Nd2 Qe7 13. Nb3 Rd8 14. Na5 Nb8 15.
Qc2 Be6 16. c5 Qc7 17. b4 Nbd7 18. Kh2 Bf8 19. Ne2 Nh5 20. Rae1 f6 21. a3 Bf7
22. Qc3 Bg7 23. Qc1 Bf8 24. Qc3 Be7 25. f4 Nf8 26. fxe5 fxe5 27. Rf2 Rd7 28.
Ref1 Be6 29. Bc1 Rdd8 30. Ng1 Nd7 31. Nf3 Rf8 32. Ng5 Bxg5 33. Bxg5 Rxf2 34.
Rxf2 Rf8 35. Rd2 Nb8 36. Rd6 1-0

[Event "XXX Festival Conca della Presolana A"]
[Site "Bratto - Castione della Presolana ITA"]
[Date "2010.08.??"]
[Round "8"]
[White "Bruno, Fabio"]
[Black "Rombaldoni, Axel"]
[WhiteElo "2477"]
[BlackElo "2448"]
[Result "0-1"]
[PlyCount "124"]
[EventDate "2010.08.20"]

1. Nf3 Nf6 2. d4 g6 3. c4 Bg7 4. Nc3 d5 5. e3 O-O 6. cxd5 Nxd5 7. Bc4 Nb6 8.
Bb3 N8d7 9. O-O e5 10. d5 Nc5 11. Bc2 e4 12. Nxe4 Nxe4 13. Bxe4 Re8 14. Bc2
Qxd5 15. Qxd5 Nxd5 16. Bb3 Nb4 17. Ng5 Re7 18. a3 Nc6 19. Bd5 h6 20. Ne4 Be6
21. Bxe6 Rxe6 22. Nd2 Rd8 23. Ra2 a5 24. b3 f5 25. Rc2 Red6 26. Nf3 Rd3 27. b4
axb4 28. axb4 Rb3 29. Bd2 Rd7 30. Rfc1 Nxb4 31. Rxc7 Rxc7 32. Rxc7 Rb1+ 33. Rc1
Rxc1+ 34. Bxc1 b5 35. Kf1 Kf7 36. Ke2 Ke6 37. Bd2 Nc6 38. Kd3 Kd5 39. h3 Bf6
40. g4 b4 41. gxf5 gxf5 42. Bc1 h5 43. Nd2 Ne5+ 44. Ke2 Nd7 45. Kd3 Nc5+ 46.
Kc2 Ne4 47. f3 Nxd2 48. Bxd2 Kc4 49. e4 b3+ 50. Kb1 Kd3 51. Be1 f4 52. Bb4 Be5
53. Ba3 Ke2 54. Bb2 Kxf3 55. Bxe5 Kxe4 56. Bd6 f3 57. Bc5 Kd3 58. Kb2 Ke2 59.
Kxb3 f2 60. Bxf2 Kxf2 61. Kc2 Kg3 62. h4 Kxh4 0-1

[Event "XXX Festival Conca della Presolana A"]
[Site "Bratto - Castione della Presolana ITA"]
[Date "2010.08.??"]
[Round "8"]
[White "Godena, Michele"]
[Black "L'Ami, Alina"]
[WhiteElo "2548"]
[BlackElo "2323"]
[Result "1-0"]
[PlyCount "75"]
[EventDate "2010.08.20"]

1. e4 c5 2. c3 Nf6 3. e5 Nd5 4. Bc4 Nb6 5. Bb3 c4 6. Bc2 Nc6 7. Nf3 Qc7 8. Qe2
g5 9. Na3 g4 10. Nb5 Qb8 11. Nh4 Nxe5 12. O-O a6 13. Nd4 Nd5 14. f4 Nd3 15.
Bxd3 cxd3 16. Qxg4 e6 17. b3 b5 18. Bb2 h5 19. Qf3 Bb7 20. c4 bxc4 21. bxc4 Rg8
22. Nb3 Be7 23. Na5 Bxh4 24. Nxb7 Qxb7 25. cxd5 Qxb2 26. dxe6 Qb6+ 27. Kh1 Qc6
28. exf7+ Kxf7 29. Qxh5+ Kf8 30. Rf3 Rc8 31. Qxh4 Rg6 32. Re1 Qc1 33. Rfe3 Re6
34. Rxe6 dxe6 35. Qf6+ Kg8 36. Qxe6+ Kh8 37. h3 Qc7 38. Re5 1-0

[Event "XXX Festival Conca della Presolana A"]
[Site "Bratto - Castione della Presolana ITA"]
[Date "2010.08.??"]
[Round "8"]
[White "Iordachescu, Viorel"]
[Black "Grigore, George-Gabriel"]
[WhiteElo "2623"]
[BlackElo "2532"]
[Result "1/2-1/2"]
[PlyCount "153"]
[EventDate "2010.08.20"]

1. e4 c5 2. Nc3 g6 3. Nf3 Bg7 4. d4 cxd4 5. Nxd4 Nc6 6. Be3 Nf6 7. Bc4 Qa5 8.
O-O O-O 9. Nb3 Qc7 10. Bg5 d6 11. Bxf6 exf6 12. Nb5 Qe7 13. Re1 Rd8 14. c3 a6
15. Na3 Qc7 16. Nc2 Ne5 17. Bd5 Bg4 18. Qd2 Rab8 19. Nbd4 Bd7 20. Rad1 Nc6 21.
Bb3 Nxd4 22. Qxd4 Bg4 23. f3 Be6 24. Qf2 Re8 25. Ne3 Rbd8 26. Nd5 Bxd5 27. Rxd5
Re5 28. Red1 Rxd5 29. Rxd5 Re8 30. Kf1 Re5 31. Qa7 Bh6 32. Rxe5 fxe5 33. Bd5
Bc1 34. Qxb7 Qxb7 35. Bxb7 Bxb2 36. Bxa6 Bxc3 37. Ke2 Kf8 38. Kd3 Be1 39. Kc4
Ke7 40. Kd5 h5 41. a4 h4 42. Bd3 Kd7 43. Bb5+ Kc7 44. Be8 g5 45. Bxf7 Bd2 46.
Ke6 Bf4 47. Kf5 Kb6 48. Kg4 Ka5 49. Be8 Kb6 50. Bf7 Ka5 51. Bb3 Kb6 52. g3 hxg3
53. hxg3 Bd2 54. Kf5 Kc7 55. a5 Kb7 56. Bc4 Ka7 57. Ke6 Bb4 58. Kd5 Ba3 59. Kc6
Bb4 60. a6 Ba3 61. Kb5 Bc1 62. Bf1 Ba3 63. Kc4 Kb6 64. Kd5 Bb4 65. Be2 Ba3 66.
Ke6 Bb4 67. Kd7 Ka7 68. Ke7 Kb6 69. Ke6 Ba3 70. Kf6 Bc1 71. Kf5 Bd2 72. Ke6 Bb4
73. Kd5 Ba3 74. Ke6 Bb4 75. f4 exf4 76. g4 f3 77. Bxf3 1/2-1/2

[Event "XXX Festival Conca della Presolana A"]
[Site "Bratto - Castione della Presolana ITA"]
[Date "2010.08.??"]
[Round "8"]
[White "Landa, Konstantin"]
[Black "Burmakin, Vladimir"]
[WhiteElo "2598"]
[BlackElo "2605"]
[Result "1/2-1/2"]
[PlyCount "24"]
[EventDate "2010.08.20"]

1. d4 d5 2. c4 c6 3. cxd5 cxd5 4. Bf4 Nc6 5. e3 Nf6 6. Nc3 e6 7. Bd3 a6 8. Rc1
Be7 9. Bb1 Bd7 10. h3 Na5 11. Nf3 Nc4 12. Ne5 b5 1/2-1/2

[Event "XXX Festival Conca della Presolana A"]
[Site "Bratto - Castione della Presolana ITA"]
[Date "2010.08.??"]
[Round "8"]
[White "Marin, Mihail"]
[Black "L'Ami, Erwin"]
[WhiteElo "2597"]
[BlackElo "2620"]
[Result "1/2-1/2"]
[PlyCount "100"]
[EventDate "2010.08.20"]

1. d4 Nf6 2. Nf3 e6 3. e3 d5 4. Bd3 c5 5. b3 Nc6 6. O-O Qc7 7. c4 cxd4 8. exd4
Be7 9. Na3 O-O 10. Nb5 Qd8 11. Bb2 b6 12. Rc1 Bb7 13. Qe2 a6 14. Nc3 Re8 15.
Rfd1 Bf8 16. Na4 dxc4 17. bxc4 Nb4 18. Bb1 b5 19. Nc5 Bxf3 20. Qxf3 bxc4 21.
Rxc4 Nbd5 22. Bc1 Rb8 23. Bc2 a5 24. Bg5 Be7 25. Bb3 Rb4 26. Rc2 Qa8 27. a3 Rb6
28. Ba4 Reb8 29. Rdc1 Rb1 30. Qd1 Rxc1 31. Qxc1 Nb6 32. Bb5 Rd8 33. Be2 Nfd5
34. Bd2 Bf6 35. Nb3 a4 36. Na5 Ne7 37. Bf3 Nbd5 38. Rc4 Qa7 39. Rxa4 Bxd4 40.
Be1 Bb6 41. Qc2 Qd7 42. Rc4 Ra8 43. Nc6 Rxa3 44. Qb2 Ra8 45. Nxe7+ Qxe7 46. h4
Qa7 47. Bxd5 exd5 48. Rb4 Bd8 49. Bc3 f6 50. Qd2 Qf7 1/2-1/2

[Event "XXX Festival Conca della Presolana A"]
[Site "Bratto - Castione della Presolana ITA"]
[Date "2010.08.??"]
[Round "8"]
[White "Vocaturo, Daniele"]
[Black "Qendro, Llambi"]
[WhiteElo "2526"]
[BlackElo "2356"]
[Result "1-0"]
[PlyCount "73"]
[EventDate "2010.08.20"]

1. e4 g6 2. d4 Bg7 3. Nc3 c6 4. Nf3 d6 5. Be3 Qb6 6. Rb1 Nf6 7. h3 O-O 8. Bd3
Qc7 9. O-O Nbd7 10. Qd2 Re8 11. Rbd1 b5 12. Ne2 e5 13. Ng3 exd4 14. Bxd4 Ne5
15. Be2 Be6 16. Ng5 h6 17. Nxe6 Rxe6 18. b3 Ned7 19. c4 a6 20. Qc2 Qb7 21. f4
c5 22. Bxf6 Nxf6 23. Bf3 Qb8 24. e5 dxe5 25. Bxa8 Qxa8 26. f5 gxf5 27. Nxf5 Bf8
28. Rd3 e4 29. Rg3+ Kh7 30. Qc3 Qd8 31. Qe3 Re5 32. Qf4 Re6 33. Ne3 Bd6 34.
Qf5+ Kh8 35. Rg6 fxg6 36. Qxe6 Be7 37. Nd5 1-0

[Event "XXX Festival Conca della Presolana A"]
[Site "Bratto - Castione della Presolana ITA"]
[Date "2010.08.??"]
[Round "9"]
[White "Baklan, Vladimir"]
[Black "Landa, Konstantin"]
[WhiteElo "2638"]
[BlackElo "2598"]
[Result "1/2-1/2"]
[PlyCount "61"]
[EventDate "2010.08.20"]

1. e4 e5 2. Nf3 Nf6 3. Nxe5 d6 4. Nf3 Nxe4 5. d4 d5 6. Bd3 Nc6 7. O-O Be7 8. c4
Nb4 9. Be2 O-O 10. a3 Nc6 11. cxd5 Qxd5 12. Nc3 Nxc3 13. bxc3 Bf5 14. c4 Qd6
15. d5 Ne5 16. Nd4 Bd7 17. a4 Rfe8 18. Nb5 Bxb5 19. axb5 Nd7 20. Ra2 Nc5 21. g3
a5 22. bxa6 Rxa6 23. Qc2 Rxa2 24. Qxa2 b6 25. Bf3 Bf6 26. Be3 h6 27. Qa3 Bg5
28. Bd4 Bf6 29. Be3 Bg5 30. Bd4 Bf6 31. Be3 1/2-1/2

[Event "XXX Festival Conca della Presolana A"]
[Site "Bratto - Castione della Presolana ITA"]
[Date "2010.08.??"]
[Round "9"]
[White "Burmakin, Vladimir"]
[Black "Kogan, Artur"]
[WhiteElo "2605"]
[BlackElo "2541"]
[Result "1-0"]
[PlyCount "73"]
[EventDate "2010.08.20"]

1. d4 d5 2. Nf3 Nf6 3. c4 dxc4 4. e3 Bg4 5. Bxc4 e6 6. Nc3 Nbd7 7. h3 Bh5 8.
Be2 Bb4 9. O-O O-O 10. Qb3 c5 11. a3 Bxc3 12. bxc3 Qc7 13. a4 Ne4 14. Re1 Rac8
15. Bf1 Rfe8 16. Nd2 Ndf6 17. Nxe4 Nxe4 18. Ba3 e5 19. Qc2 Bg6 20. Bd3 Nf6 21.
Bxg6 hxg6 22. Bxc5 Nd7 23. Ba3 Nb6 24. a5 Nd5 25. Qb3 Nxc3 26. Bc5 exd4 27.
Bxd4 a6 28. Bxc3 Qxc3 29. Qxb7 Re6 30. Reb1 Rc5 31. Ra4 Rxa5 32. Qa8+ Kh7 33.
Rh4+ Rh5 34. Rb8 Kh6 35. Rh8+ Kg5 36. Qd8+ Kf5 37. R8xh5+ 1-0

[Event "XXX Festival Conca della Presolana A"]
[Site "Bratto - Castione della Presolana ITA"]
[Date "2010.08.??"]
[Round "9"]
[White "Delorme, Axel"]
[Black "Vocaturo, Daniele"]
[WhiteElo "2455"]
[BlackElo "2526"]
[Result "0-1"]
[PlyCount "62"]
[EventDate "2010.08.20"]

1. e4 e5 2. Nf3 Nc6 3. Bc4 g6 4. c3 d6 5. d4 Qe7 6. O-O Bg7 7. Re1 Nf6 8. Nbd2
O-O 9. h3 Bd7 10. a4 Rae8 11. a5 Kh8 12. a6 b6 13. b4 exd4 14. cxd4 Nxb4 15. d5
Nh5 16. e5 b5 17. Bf1 Nxd5 18. Nb3 Be6 19. Nbd4 dxe5 20. Nxe5 b4 21. Nxe6 fxe6
22. Bb2 Qg5 23. Rc1 Nc3 24. Bxc3 bxc3 25. Qg4 Qd2 26. Nf3 Qd6 27. Bc4 Nf4 28.
Re4 Nd5 29. Rce1 Nf6 30. Rxe6 Nxg4 31. Rxe8 Nh6 0-1

[Event "XXX Festival Conca della Presolana A"]
[Site "Bratto - Castione della Presolana ITA"]
[Date "2010.08.??"]
[Round "9"]
[White "Dvirnyy, Danyyil"]
[Black "Chatalbashev, Boris"]
[WhiteElo "2457"]
[BlackElo "2613"]
[Result "0-1"]
[PlyCount "86"]
[EventDate "2010.08.20"]

1. d4 Nf6 2. c4 e6 3. Nc3 Bb4 4. e3 O-O 5. Nf3 d5 6. Bd3 c5 7. O-O Nc6 8. a3
Bxc3 9. bxc3 Qc7 10. h3 Na5 11. cxd5 exd5 12. Qc2 c4 13. Be2 Ne4 14. Nd2 Bf5
15. Nxe4 Bxe4 16. Qd1 Nb3 17. Ra2 Rfe8 18. f3 Bg6 19. e4 dxe4 20. fxe4 Nxc1 21.
Qxc1 Bxe4 22. Qf4 Rac8 23. Bg4 Qxf4 24. Rxf4 Rcd8 25. Re2 Bd3 26. Rxe8+ Rxe8
27. Kf2 Kf8 28. Bf3 f6 29. h4 b5 30. Bc6 Re2+ 31. Kg3 a6 32. Bb7 a5 33. Ba6 Ra2
34. Bxb5 Rxa3 35. Rf3 Ke7 36. Kf4 Kd6 37. Rf2 Rb3 38. Be8 Rxc3 39. Ra2 Rc2 40.
Rxa5 Rxg2 41. Ra6+ Ke7 42. Bb5 Rb2 43. Ra7+ Kf8 0-1

[Event "XXX Festival Conca della Presolana A"]
[Site "Bratto - Castione della Presolana ITA"]
[Date "2010.08.??"]
[Round "9"]
[White "Dziuba, Marcin"]
[Black "Marin, Mihail"]
[WhiteElo "2582"]
[BlackElo "2597"]
[Result "1/2-1/2"]
[PlyCount "41"]
[EventDate "2010.08.20"]

1. d4 e6 2. c4 Bb4+ 3. Bd2 a5 4. g3 d6 5. Nf3 Nc6 6. Bg2 e5 7. O-O exd4 8. Nxd4
Nxd4 9. Bxb4 axb4 10. Qxd4 Nf6 11. Nd2 O-O 12. Qd3 Re8 13. e3 c5 14. a3 bxa3
15. Rxa3 Rxa3 16. Qxa3 Qb6 17. b3 Bd7 18. Ra1 Rb8 19. Ne4 Nxe4 20. Bxe4 Bc6 21.
Bxc6 1/2-1/2

[Event "XXX Festival Conca della Presolana A"]
[Site "Bratto - Castione della Presolana ITA"]
[Date "2010.08.??"]
[Round "9"]
[White "Grigore, George-Gabriel"]
[Black "Brunello, Sabino"]
[WhiteElo "2532"]
[BlackElo "2488"]
[Result "1/2-1/2"]
[PlyCount "37"]
[EventDate "2010.08.20"]

1. d4 Nf6 2. c4 e6 3. Nc3 Bb4 4. Qc2 O-O 5. a3 Bxc3+ 6. Qxc3 d5 7. Nf3 b6 8. e3
Ba6 9. b4 Bxc4 10. Bxc4 dxc4 11. Qxc4 Qd5 12. Qxc7 Nbd7 13. Qc2 Rac8 14. Qe2
Ne4 15. O-O Nc3 16. Qb2 Qb5 17. Bd2 Ne2+ 18. Kh1 Qd3 19. Qb1 1/2-1/2